000 00438nam a2200157Ia 4500
008 230516s1994 xx 000 0 und d
041 _aeng
082 _a613.7`13 FAH
100 _aFAHEY THOMAS D.
245 _aBASIC WEIGHT TRAINING FOR MEN & WOMEN
250 _aII
260 _aCALIFORNIA
_bMAYFIELD PUBLISHING COMPANY
_c1994
300 _a170
650 _aFITNESS
906 _aFITNESS, WEIGHT TRAINING, DEVELOPING THE LOWER BODY
999 _c358525
_d358525